| 000 | 00000nam 2200000zi 4500 |
| 001 | 9.945489 |
| 003 | CaOODSP |
| 005 | 20241125103526 |
| 006 | m o d f |
| 007 | cr |n||||||||| |
| 008 | 241125e198711 onc o f000 0 fre d |
| 020 | |z0662554256 |
| 040 | |aCaOODSP|bfre|erda|cCaOODSP |
| 043 | |an-cn-qu |
| 086 | 1 |aC2-98/1-1987F-PDF|zC2-98/1-1987 |
| 245 | 00|aPour le développement d'une métropole : |bréponse du gouvernement au rapport du Comité consultatif sur le développement de la région de Montréal. |
| 264 | 1|a[Ottawa] : |bGouvernement du Canada = Government of Canada, |cnovembre 1987. |
| 264 | 4|c©1987 |
| 300 | |a1 ressource en ligne (14 pages) |
| 336 | |atexte|btxt|2rdacontent/fre |
| 337 | |ainformatique|bc|2rdamedia/fre |
| 338 | |aressource en ligne|bcr|2rdacarrier/fre |
| 500 | |aÉdition numérisée de l'imprimée [par Direction des publications du Gouvernement du Canada]. |
| 500 | |aPublié aussi en anglais sous le titre : Development of a metropolis : the government's response to the report of the Consultative Committee on the Development of the Montreal Region. |
| 651 | 6|aMontréal (Québec)|xConditions économiques. |
| 651 | 6|aMontréal (Québec)|xPolitique économique. |
| 710 | 1 |aCanada. |bMinistère de l'expansion industrielle régionale, |eorganisme de publication. |
| 775 | 08|tDevelopment of a metropolis : |w(CaOODSP)9.945488 |
| 856 | 40|qPDF|s881 Ko|uhttps://publications.gc.ca/collections/collection_2024/isde-ised/c2/C2-98-1-1987-fra.pdf |